000 00347nam a2200145Ia 4500
008 230917s9999||||xx |||||||||||||| ||und||
040 _e29495
_aMAIN
041 _aEnglish
082 _a613.7 K139Y
100 _aKanwal Singh
245 0 _aYog dware madya nished
260 _aAdampur
_bShanti Prakashan
_c1997
300 _a64 p.
942 _cBK
999 _c100093
_d100093